00340nam a2200121Ia 4500003000400000008004100004040001600045082001700061245004600078260007800124300001100202490000500213GCL140319s9999 xx 000 0 ara d aGCL / cGCL04a638.1bع ت10aتربية النحل ودودة القز a[S.N] : bدار الكتاب والوثائق القومية ، c1980 a279 ص a